Loading...
Auditory Arts | 6 | 16.67 | 100% | 67% | 0% |
Beliefs | 9 | 16.67 | 78% | 67% | 22% |
Current Events | 5 | 16.00 | 80% | 60% | 20% |
Fine Arts - Other Arts | 7 | 14.29 | 100% | 29% | 14% |
Geography | 1 | 20.00 | 100% | 100% | 0% |
History - American History | 7 | 10.00 | 100% | 0% | 0% |
History - Ancient History | 4 | 15.00 | 75% | 50% | 25% |
History - European History | 6 | 16.67 | 83% | 67% | 17% |
History - Other History | 4 | 22.50 | 100% | 75% | 50% |
History - World History | 5 | 20.00 | 100% | 60% | 40% |
Literature - American Literature | 9 | 17.78 | 100% | 78% | 0% |
Literature - British Literature | 8 | 16.25 | 100% | 50% | 13% |
Literature - European Literature | 4 | 20.00 | 100% | 75% | 25% |
Literature - World Literature | 6 | 18.33 | 100% | 67% | 17% |
Other Academic | 3 | 13.33 | 67% | 67% | 0% |
Philosophy | 7 | 15.71 | 100% | 43% | 14% |
Science - Biology | 7 | 17.14 | 100% | 43% | 29% |
Science - Chemistry | 7 | 14.29 | 86% | 57% | 0% |
Science - Other Science | 6 | 15.00 | 83% | 50% | 17% |
Science - Physics | 6 | 16.67 | 100% | 67% | 0% |
Social Science | 13 | 16.15 | 100% | 54% | 8% |
Visual Arts | 5 | 14.00 | 80% | 60% | 0% |